000 00224nam a2200097Ia 4500
008 190216s9999||||xx |||||||||||||| ||und||
100 _aPaish F W
245 0 _aBenhamis Economics
260 _bSir Isac Pitman &sons
942 _cBK
999 _c9078
_d9078